000 01599nam a2200253 a 4500
001 77894
003 BD-RjUL
005 20211209083047.0
008 210207s 2003bg a|||| m||| 00| 0 ben d
035 _a(BD-RjUL)78120
040 _aBD-RjUL
_bben /eng
_cBD-RjUL
_dBD-RjUL
041 _aben
082 _a726.2095414
_bPAB 2003
_223
100 _aপারভীন, রোজিনা
_9244520
245 1 0 _aবাংলার মুসলিম স্হাপত্যে দেশজ উপাদান /
_cরোজিনা পারভীন ;
_6গবেষণা তত্ত্বাবধায়ক : এম, মোখলেছুর রহমান
260 _aরাজশাহী :
_bইসলামের ইতিহাস ও সংস্কৃতি বিভাগ, রাজশাহী বিশ্ববিদ্যালয়,
_c২০০০৩
300 _axviii. ১৫৬, [৮৬] পাতা :
_bচিএ ;
_c২৯ সেমি.
502 _aথিসিস (পিএইচ, ডি.) -- ইসলামের ইতিহাস ও সংস্কৃতি বিভাগ, রাজশাহী বিশ্ববিদ্যালয়, ২০০৩
504 _aগ্রন্থপঞ্জি : পাতা [১৩৯] - ১৫৬
650 _aইসলামিক স্থাপত্য
_zভারত
_zবাংলা
_9244542
650 _aIslamic architecture
_zIndia
_zBengal.
_9244543
700 _aরহমান, এম. মোখলেছুর, গবেষণা তত্ত্বাবধায়ক
_9244523
942 _2ddc
_cTHE
999 _c77894
_d77894